000 00914nam a2200265Ia 4500
003 OSt
005 20221005113037.0
006 a|||||r|||| 00| 0
007 ta
008 221004b |||||||| |||| 00| 0 pan d
020 _a8171831898 (hbk)
_c250
024 _a117496
037 _b660, 22/03/2012, H.K. Prakashan
_cTextual
040 _aCRL
_cCRL
_bpan
041 _2pan
_apan
082 _aQ8441:g, 153Q1
100 _aਪਰਮਿੰਦਰਜੀਤ ਕੌਰ
245 0 _aਸਿੱਖ ਧਰਮ ਦੇ ਪ੍ਰਮੁੱਖ ਸਿਧਾਂਤ
260 _aਦਿੱਲੀ
_bਬਿਨ ਚੰਦ ਐ੍ਵਡ ਸ੍ਵਸ ਭਾਰਤ
_c2011
300 _a115ਪੰ
_ccm.
650 _a ਧOਰੁ Fਸੱਢ
650 _aਧਰਮ
942 _hQ8441:g, 153Q1
_cTEXL
_2cc
999 _c1026867
_d1026867